El Instituto Psicotécnico de Barcelona : su evolución / su evolución /
Descripción Física:
Il·lustracions
Colección:
San Jorge,
; núm. 3 (juliol 1951), pàg. 47-51
Idioma:
Español
MARC
| LEADER | 00000naa a2200000 a 4500 | ||
|---|---|---|---|
| 003 | Arxiu | ||
| 005 | 20260324181034.0 | ||
| 008 | 160829s1951 spcaxx s spa c | ||
| 040 | |a agdb | ||
| 100 | |a Borrás París, Manuel |9 22794 | ||
| 245 | 1 | 3 | |a El Instituto Psicotécnico de Barcelona : |b su evolución / |c Manuel Borrás París, director |
| 300 | |b Il·lustracions | ||
| 490 | |a San Jorge, |v núm. 3 (juliol 1951), pàg. 47-51 | ||
| 610 | 2 | 0 | |a Institut Psicotècnic de Barcelona |x Història |9 54582 |
| 773 | |t San Jorge. |g Núm. 3 (juliol 1951), pàg. 47-51 | ||
| 901 | |a Arxiu | ||
| 942 | |n 1 |2 udc |c ART | ||
| 952 | |0 0 |1 0 |4 0 |6 REV508 |7 1 |9 64702 |a Arxiu |b Arxiu |d 2022-12-12 |l 0 |o Rev-508 |r 2022-12-12 00:00:00 |w 2022-12-12 |y ARXIU | ||
| 999 | |c 48131 |d 48131 | ||